000 00482nam a2200181Ia 4500
003 GCL
008 140319s9999 xx 000 0 eng d
040 _aGCL /
_cGCL
082 0 4 _a574.5
_bG M
100 1 _aGOLDSMITH, BARRIE
245 1 0 _aMONITORING FOR CONSERVATION AND ECOLOGY /
_cGOLDSMITH, BARRIE
260 _a[S.N] :
_bCHAPMAN AND HALL MEDICAL ،
_c1994
300 _a275
650 0 4 _aECOLOGY
650 0 4 _aPOLLUTION
650 0 4 _aBIOLOGICAL CONTRALE
942 _2ddc
_cBK
999 _c17012
_d17012